| 000 | 00552nam a2200145Ia 4500 | ||
|---|---|---|---|
| 008 | 151213s9999 xx 000 0 und d | ||
| 100 | _aবেগম রাজিয়া হোসাইন। | ||
| 245 |
_aকিছু মানুষ কিছু কথা _cবেগম রাজিয়া হোসাইন। |
||
| 260 |
_aঊঢাকা _bমম প্রকাশ। _c2009 |
||
| 300 | _a8708 p. | ||
| 650 | _aBangla | ||
| 650 | _aপ্রবন্ধ | ||
| 700 | _aবেগম রাজিয়া হোসাইন। | ||
| 999 |
_c4494 _d4494 |
||